banner koha

Accelerated aging of arugula seeds (Registro n. 340472)

MARC details
000 -LÍDER
fixed length control field 03789nab a2200301 i 4500
003 - CÓDIGO MARC DA AGÊNCIA CATALOGADORA
Campo de controle BR-BrBNA
005 - DATA E HORA DA ÚLTIMA ATUALIZAÇÃO
Campo de controle 20260319153446.0
008 - CAMPO DE TAMANHO FIXO
fixed length control field 260319b2018 bl.qr|pooa||| 00| 0 eng |
040 ## - FONTE DA CATALOGAÇÃO
Agência catalogadora BR-BrBNA
Idioma da catalogação eng
072 ## - CATEGORIA AGRIS
Código AGRIS F03
Código do objeto 1690
100 ## - ENTRADA PRINCIPAL - NOME PESSOAL
Nome pessoal Freitas, Rômulo Magno Oliveira de
100 ## - ENTRADA PRINCIPAL - NOME PESSOAL
Nome pessoal Nogueira, Narjara Walessa
100 ## - ENTRADA PRINCIPAL - NOME PESSOAL
Nome pessoal Torres, Salvador Barros
100 ## - ENTRADA PRINCIPAL - NOME PESSOAL
Nome pessoal Leite, Tiago de Sousa
245 ## - TÍTULO PRINCIPAL
Título principal Accelerated aging of arugula seeds
500 ## - NOTA GERAL
Nota geral <br/>Publicação online; 23 ref.; 3 tables; Summaries (En, Pt)
942 ## - ADDED ENTRY ELEMENTS (KOHA)
Koha item type Analítica
520 ## - NOTA DE RESUMO
Nota de conteúdo <br/><br/>ABSTRACT: This work aimed to study procedures for conducting the accelerated aging test and evaluating the physiological potential of arugula seeds. Five seed lots of cv. Cultivada and four of cv. Folha Larga were firstly subjected to the following tests for characterization of their physiological qualities: moisture content, germination test, first counting, seedling emergence in the field, emergence speed index, seedling shoot length, seedling shoot dry mass, electrical conductivity and potassium leaching. Subsequently, the same lots were subjected to accelerated aging (38 and 41 ºC; 24, 48 and 72 h; with and without the use of saturated NaCl solution). The experiment was conducted in a completely randomized design with four replications of 50 seeds each. The accelerated aging with saturated NaCl solution, using the combination of 41 ºC for 48 h, and traditional accelerated aging, using the combination of 38 ºC for 48 h, were effective for classifying seed lots of cv. Cultivada into different vigor levels. On the other hand, accelerated aging with saturated NaCl solution using the combination of 41 ºC for 24 or 48 h was suitable for classifying the vigor of cv. Folha Larga seeds. <br/><br/><br/><br/>Key words: Eruca sativa L.; thermal stress; vigor
520 ## - NOTA DE RESUMO
Nota de conteúdo <br/><br/>RESUMO: O presente trabalho objetivou estudar procedimentos para a condução do teste de envelhecimento acelerado e avaliação do potencial fisiológico de sementes de rúcula. Cinco lotes da cv. Cultivada e quatro da cv. Folha Larga foram inicialmente submetidos às seguintes avaliações para a caracterização das suas qualidades fisiológicas: grau de umidade, teste de germinação, primeira contagem, emergência de plântulas em campo, índice de velocidade de emergência, comprimento da parte aérea da plântula, massa seca da parte aérea da plântula, condutividade elétrica e lixiviação de potássio. Posteriormente, os mesmos lotes foram submetidos ao envelhecimento acelerado (38 e 41 ºC; 24, 48 e 72 h; com e sem o uso de solução saturada de NaCl). O experimento foi conduzido em delineamento inteiramente casualizado com quatro repetições de 50 sementes cada. O envelhecimento acelerado com solução saturada de NaCl, utilizando a combinação 41 ºC por 48 h, e o envelhecimento acelerado tradicional, com a combinação 38 ºC por 48 h, foram eficientes para separação de lotes da cv. Cultivada em diferentes níveis de vigor. Por outro lado, o envelhecimento acelerado com solução saturada de NaCl utilizando a combinação 41 ºC por 24 ou 48 h se mostrou adequado para classificação do vigor de sementes da cv. Folha Larga. <br/><br/><br/><br/>Palavras-chave: Eruca sativa L.; estresse térmico; vigor
650 ## - ASSUNTO - THESAGRO
Cabeçalho tópico ou nome geográfico RÚCULA
650 ## - ASSUNTO - THESAGRO
Cabeçalho tópico ou nome geográfico HORTALIÇA FOLHOSA
650 ## - ASSUNTO - THESAGRO
Cabeçalho tópico ou nome geográfico TESTE DE SEMENTES
650 ## - ASSUNTO - THESAGRO
Cabeçalho tópico ou nome geográfico ENVELHECIMENTO
650 ## - ASSUNTO - THESAGRO
Cabeçalho tópico ou nome geográfico QUALIDADE
773 0# - ENTRADA ANALÍTICA
Host Biblionumber 4656
Registro do item 360705
Imprenta Recife-PE Universidade Federal Rural de Pernambuco 2006
Outro identificador 2026-1087
Título Revista Brasileira de Ciências Agrárias (Brazil)
ISSN 1981-1160
Colação v. 13(4) p. 1-6; (2018)
Número de controle de registro BR2026000006
856 ## - ACESSO E ENDEREÇO ELETRÔNICO
Identificador uniforme de recurso - URI http://www.agraria.pro.br/ojs32/index.php/RBCA/article/view/v13i4a5585/283

Nenhum exemplar disponível.

BINAGRI

Telefone: (61)3218-2567/2388/3357/2097 - binagri@agro.gov.br

Ministério da Agricultura e Pecuária , Esplanada dos Ministérios, Bloco D, Anexo B, Brasília/DF, CEP: 70.043-900